[Event "AUTO-MASTER-3299"]
[Site "http://www.queenalice.com/game.php?id=1870993"]
[Date "2026.3.25"]
[Round "1"]
[White "JailtonMaster"]
[Black "Capixaba789"]
[Result "1-0"]
[WhiteElo "2099"]
[BlackElo "1828"]

1. d4 d5 2. c4 dxc4 3. e4 e6 4. Bxc4 c6 5. d5 exd5 6. exd5 cxd5 7. Bxd5 Bb4+ 8.
Nc3 Bxc3+ 9. bxc3 Qe7+ 10. Ne2 Nf6 11. Bf3 O-O 12. O-O Nbd7 13. a4 Re8 14. Ba3
Qd8 15. Qc2 Ne5 16. Nd4 Nxf3+ 17. Nxf3 Be6 18. Nd4 Bg4 19. f3 Bh5 20. Rad1 Bg6
21. Qf2 Qc8 22. Nb5 Bd3 23. Rxd3 Qc6 24. Rd6 1-0

[Event "AUTO-MASTER-3299"]
[Site "http://www.queenalice.com/game.php?id=1870994"]
[Date "2026.3.25"]
[Round "1"]
[White "Capixaba789"]
[Black "JailtonMaster"]
[Result "0-1"]
[WhiteElo "1826"]
[BlackElo "2103"]

1. d4 d5 2. Nc3 Nf6 3. f4 e6 4. Nf3 c5 5. e3 Nc6 6. Be2 Be7 7. O-O O-O 8. Ne5
Nxe5 9. fxe5 Nd7 10. Bg4 Qb6 11. a4 cxd4 12. Qxd4 Bc5 13. Qd3 Nxe5 14. Qe2 Nxg4
15. Qxg4 Bxe3+ 16. Bxe3 Qxe3+ 17. Kh1 a6 18. Rf3 Qc5 19. Rg3 g6 20. Qg5 f6 21.
Qh6 Qe7 22. Re1 Qf7 23. Rd3 Bd7 24. Rd2 Bc6 25. Rde2 e5 26. h3 d4 27. Ne4 Rfd8
28. Nc5 Qc4 29. b4 Qxb4 30. Ne6 Rd7 31. h4 Re8 32. Nf4 Rf7 33. Nh3 e4 34. Nf4 e3
0-1

[Event "AUTO-MASTER-3299"]
[Site "http://www.queenalice.com/game.php?id=1870995"]
[Date "2026.3.25"]
[Round "1"]
[White "JailtonMaster"]
[Black "cerenzo72"]
[Result "0-1"]
[WhiteElo "2078"]
[BlackElo "2176"]

1. d4 Nf6 2. c4 g6 3. Nc3 d6 4. Nf3 Bg7 5. e4 O-O 6. h3 Nbd7 7. Bd3 c6 8. O-O e5
9. d5 cxd5 10. cxd5 Nc5 11. Bc2 a6 12. b4 Ncd7 13. Bg5 h6 14. Bh4 Qc7 15. Qd2
Nb6 16. Bxf6 Bxf6 17. Na4 Bg7 18. Rac1 Nc4 19. Qc3 b5 20. Nb2 Bd7 21. Nxc4 bxc4
22. Bd3 Bb5 23. Bxc4 Rac8 24. Nd2 h5 25. Rc2 Bh6 26. Rfc1 Qb6 27. Qd3 Ba4 28.
Rb2 Rc7 29. Rc3 Rfc8 30. Nb1 Qd4 31. Qxd4 exd4 32. Ra3 Bc1 0-1

[Event "AUTO-MASTER-3299"]
[Site "http://www.queenalice.com/game.php?id=1870996"]
[Date "2026.3.25"]
[Round "1"]
[White "cerenzo72"]
[Black "JailtonMaster"]
[Result "0-1"]
[WhiteElo "2154"]
[BlackElo "2089"]

1. c4 Nf6 2. d4 d5 3. e3 e6 4. cxd5 exd5 5. Nc3 Be7 6. Bd3 O-O 7. h3 Nbd7 8. Nf3
c6 9. O-O b6 10. Qc2 Bb7 11. e4 dxe4 12. Nxe4 Nxe4 13. Bxe4 Rc8 14. Bxh7+ Kh8
15. Be4 Nf6 16. Ne5 Nxe4 17. Qxe4 f5 18. Ng6+ Kh7 19. Nxe7 fxe4 0-1

[Event "AUTO-ELITE-2617"]
[Site "http://www.queenalice.com/game.php?id=1871216"]
[Date "2026.3.29"]
[Round "1"]
[White "JailtonMaster"]
[Black "trompmaster"]
[Result "0-1"]
[WhiteElo "2066"]
[BlackElo "2507"]

1. d4 d5 2. c4 c6 3. Nc3 Nf6 4. Nf3 dxc4 5. e4 b5 6. a3 e6 7. Bg5 h6 8. Bh4 Be7
9. e5 Nd5 10. Nxd5 cxd5 11. Bxe7 Qxe7 12. Be2 O-O 13. O-O a5 14. Nd2 Nc6 15. Nf3
Ba6 16. a4 b4 17. Qc2 b3 18. Qc3 Nb4 19. Nd2 Bb7 20. f4 Nc2 21. Rac1 Bc6 22.
Nxb3 cxb3 23. Qxc6 Nxd4 24. Qxe6 Nxe2+ 0-1

[Event "AUTO-ELITE-2617"]
[Site "http://www.queenalice.com/game.php?id=1871217"]
[Date "2026.3.29"]
[Round "1"]
[White "trompmaster"]
[Black "JailtonMaster"]
[Result "1-0"]
[WhiteElo "2503"]
[BlackElo "2080"]

1. Nf3 d5 2. g3 c5 3. Bg2 Nf6 4. O-O Nc6 5. d4 e6 6. c4 Be7 7. cxd5 Nxd5 8. dxc5
Bxc5 9. Qc2 Bd6 10. Rd1 O-O 11. e4 Ndb4 12. Qe2 Qe7 13. a3 Na6 14. e5 Bc7 15. b4
Nab8 16. b5 Na5 17. Bg5 Qc5 18. Rc1 Qb6 19. Be3 1-0

[Event "AUTO-MASTER-3300"]
[Site "http://www.queenalice.com/game.php?id=1871436"]
[Date "2026.4.5"]
[Round "1"]
[White "Pin"]
[Black "JailtonMaster"]
[Result "1-0"]
[WhiteElo "2123"]
[BlackElo "2098"]

1. d4 d5 2. Nf3 Nf6 3. Bg5 e6 4. e3 c5 5. c3 Nc6 6. Bd3 h6 7. Bh4 Be7 8. Nbd2
O-O 9. O-O cxd4 10. exd4 a6 11. Re1 b5 12. a3 Bb7 13. Nf1 Rc8 14. Rc1 Qb6 15.
Qe2 Ne4 16. Bxe7 Nxe7 17. N1d2 f5 18. Ne5 Rf6 19. Nd7 Qd6 20. Nxf6+ gxf6 21.
Nxe4 dxe4 22. Bb1 Nd5 23. Qh5 Qf8 24. Ba2 Nf4 25. Qh4 Nd3 26. Bxe6+ Kh7 27.
Bxf5+ Kh8 28. Bxc8 Bxc8 29. Qxe4 1-0

[Event "AUTO-MASTER-3300"]
[Site "http://www.queenalice.com/game.php?id=1871437"]
[Date "2026.4.5"]
[Round "1"]
[White "JailtonMaster"]
[Black "Pin"]
[Result "1-0"]
[WhiteElo "2121"]
[BlackElo "2164"]

1. d4 Nf6 2. c4 g6 3. Nc3 d5 4. cxd5 Nxd5 5. e4 Nxc3 6. bxc3 Bg7 7. Nf3 c5 8.
Bb5+ Bd7 9. Bxd7+ Nxd7 10. O-O O-O 11. Rb1 b6 12. Re1 Rc8 13. Be3 Nf6 14. Qd3 c4
15. Qc2 Ng4 16. Bf4 Re8 17. h3 Nf6 18. Nd2 a6 19. Qa4 a5 20. Nxc4 Nh5 21. Bh2
Nf6 22. Nxb6 Rxc3 23. Qxa5 Qxd4 24. Be5 Rc5 25. Bxd4 Rxa5 26. a4 Rd8 27. Bc3 Ra6
28. e5 Ne8 29. a5 Nc7 30. Red1 Ne6 31. Rxd8+ Nxd8 32. Nd5 Nc6 33. f4 e6 34. Nf6+
Bxf6 35. exf6 h6 36. Rb6 Rxb6 37. axb6 Kf8 38. b7 Ke8 39. Be5 1-0

[Event "AUTO-MASTER-3301"]
[Site "http://www.queenalice.com/game.php?id=1871824"]
[Date "2026.4.11"]
[Round "1"]
[White "cerenzo72"]
[Black "JailtonMaster"]
[Result "0-1"]
[WhiteElo "2173"]
[BlackElo "2107"]

1. c4 Nf6 2. d4 d5 3. cxd5 Nxd5 4. e4 Nf6 5. e5 Nd5 6. Nf3 e6 7. Nc3 Nxc3 8.
bxc3 c5 9. Ba3 Qa5 10. Bb2 Nc6 11. dxc5 Bxc5 12. Be2 Bxf2+ 13. Kxf2 Qb6+ 14. Nd4
Nxd4 15. Qa4+ Nc6+ 16. Kf3 Qxb2 17. Rac1 O-O 18. Rhd1 Nxe5+ 19. Kf2 Nd3+ 20.
Rxd3 b5 21. Qe4 Bb7 22. Qe3 Be4 23. Rd4 f5 24. Rf1 Rac8 25. Rd2 Qa3 26. Bxb5
Rxc3 27. Qd4 a6 28. Bd7 Bd5 29. Re1 Rf3+ 30. Kg1 Rc3 31. Bxe6+ Bxe6 32. Rxe6
Rc1+ 33. Kf2 f4 34. Qd5 Rc5 35. Qd7 f3 36. Re8 Rf5 37. Qxf5 Rxe8 38. gxf3 Qe3+
0-1

[Event "AUTO-MASTER-3301"]
[Site "http://www.queenalice.com/game.php?id=1871825"]
[Date "2026.4.11"]
[Round "1"]
[White "JailtonMaster"]
[Black "cerenzo72"]
[Result "0-1"]
[WhiteElo "2110"]
[BlackElo "2139"]

1. d4 Nf6 2. c4 g6 3. Nc3 d6 4. e4 Bg7 5. Bd3 O-O 6. Nf3 Nc6 7. O-O Bg4 8. d5
Nd4 9. Be2 Nxe2+ 10. Qxe2 Nd7 11. h3 Bxf3 12. Qxf3 Ne5 13. Qe2 c6 14. f4 Nd7 15.
Nd1 cxd5 16. cxd5 Nc5 17. Rb1 e6 18. b4 Na4 19. Qb5 Nb6 20. dxe6 fxe6 21. Be3
Rc8 22. a4 Nc4 23. Bc1 Bd4+ 24. Kh1 Qc7 25. f5 a6 26. Qe8 Rcxe8 0-1

[Event "AUTO-MASTER-3301"]
[Site "http://www.queenalice.com/game.php?id=1871834"]
[Date "2026.4.11"]
[Round "1"]
[White "JailtonMaster"]
[Black "josebaron"]
[Result "1/2-1/2"]
[WhiteElo "2109"]
[BlackElo "2157"]

1. d4 d5 2. c4 dxc4 3. e4 e5 4. d5 Nf6 5. Nc3 Bc5 6. Nf3 O-O 7. Bxc4 Bg4 8. O-O
c6 9. Bg5 h6 10. Bh4 g5 11. Bg3 Bd4 12. h3 Bxf3 13. Qxf3 cxd5 14. Nxd5 Nxd5 15.
Bxd5 Nc6 16. Qb3 Rb8 17. Rad1 Qe7 18. Rd3 Kg7 19. Rf3 Rbd8 20. Rc1 Rd6 21. Qa4
Bxb2 22. Rc2 Bd4 23. Bxc6 bxc6 24. Rxc6 Rxc6 1/2-1/2

[Event "AUTO-MASTER-3301"]
[Site "http://www.queenalice.com/game.php?id=1871835"]
[Date "2026.4.11"]
[Round "1"]
[White "josebaron"]
[Black "JailtonMaster"]
[Result "1/2-1/2"]
[WhiteElo "2156"]
[BlackElo "2096"]

1. e4 e5 2. Nf3 Nc6 3. Bb5 a6 4. Bxc6 dxc6 5. O-O Bd6 6. Re1 Bg4 7. h3 Bh5 8. d3
Ne7 9. Bg5 f6 10. Bh4 O-O 11. g4 Bg6 12. Bg3 Bf7 13. Nh4 g6 14. c4 c5 15. Nc3 c6
16. a4 Rb8 17. Kg2 b5 18. cxb5 cxb5 19. axb5 axb5 20. Nf3 Qc7 21. Ra6 Nc6 22.
Nd5 Bxd5 23. exd5 Nb4 24. Ra1 Nxd5 25. g5 1/2-1/2